Recovering the personal: religious language and the post-critical quest of H. Richard Niebuhr
| Main Author: | |
|---|---|
| Format: | Print Book |
| Language: | English |
| Subito Delivery Service: | Order now. |
| Check availability: | HBZ Gateway |
| Interlibrary Loan: | Interlibrary Loan for the Fachinformationsdienste (Specialized Information Services in Germany) |
| Published: |
Atlanta, Ga
Scholars Pr.
1988
|
| In: |
Studies in religion (52)
Year: 1988 |
| Series/Journal: | Studies in religion
52 |
| Standardized Subjects / Keyword chains: | B
Niebuhr, Helmut Richard 1894-1962
/ Religious language
B Niebuhr, Helmut Richard 1894-1962 / Theology |
| Further subjects: | B
Language and languages Religious aspects History 20th century
B Niebuhr, H. Richard (Helmut Richard) 1894-1962 |
MARC
| LEADER | 00000cam a2200000 c 4500 | ||
|---|---|---|---|
| 001 | 1647541751 | ||
| 003 | DE-627 | ||
| 005 | 20251225205235.0 | ||
| 007 | tu | ||
| 008 | 890704s1988 xxu||||| 00| ||eng c | ||
| 020 | |a 1555401856 |9 1-55540-185-6 | ||
| 020 | |a 1555401864 |9 1-55540-186-4 | ||
| 035 | |a (DE-627)1647541751 | ||
| 035 | |a (DE-576)018031285 | ||
| 035 | |a (DE-599)BSZ018031285 | ||
| 035 | |a (DE-604)8017554667 | ||
| 040 | |a DE-627 |b ger |c DE-627 |e rakwb | ||
| 041 | |a eng | ||
| 044 | |c XD-US | ||
| 050 | 0 | |a BX4827.N52 | |
| 082 | 0 | |a 230/.092/4 | |
| 084 | |a 0 |a 1 |2 ssgn | ||
| 100 | 1 | |0 (DE-627)1235654869 |0 (DE-576)165654864 |4 aut |a Keiser, R. Melvin | |
| 109 | |a Keiser, R. Melvin |a Keiser, R. M. | ||
| 245 | 1 | 0 | |a Recovering the personal |b religious language and the post-critical quest of H. Richard Niebuhr |c R. Melvin Keiser |
| 264 | 1 | |a Atlanta, Ga |b Scholars Pr. |c 1988 | |
| 300 | |a XXV, 154 S. | ||
| 336 | |a Text |b txt |2 rdacontent | ||
| 337 | |a ohne Hilfsmittel zu benutzen |b n |2 rdamedia | ||
| 338 | |a Band |b nc |2 rdacarrier | ||
| 490 | 1 | |a American Academy of Religion studies in religion |v 52 | |
| 500 | |a Bibliography: p. [149]-154 | ||
| 583 | 1 | |a Archivierung/Langzeitarchivierung gewährleistet |f SSG |x XA-DE-BW |2 pdager |5 DE-21 | |
| 583 | 1 | |a Archivierung prüfen |c 20240324 |f DE-4165 |z 1 |2 pdager | |
| 601 | |a Niebuhr, Richard R. | ||
| 653 | 0 | |a Niebuhr, H. Richard |a (Helmut Richard) |a 1894-1962 | |
| 653 | 0 | |a Language and languages |a Religious aspects |a History |a 20th century | |
| 689 | 0 | 0 | |d p |0 (DE-588)119066998 |0 (DE-627)079857795 |0 (DE-576)162379315 |2 gnd |a Niebuhr, Helmut Richard |d 1894-1962 |
| 689 | 0 | 1 | |d s |0 (DE-588)4049386-6 |0 (DE-627)104682655 |0 (DE-576)209081872 |2 gnd |a Religiöse Sprache |
| 689 | 0 | |5 (DE-627) | |
| 689 | 1 | 0 | |d p |0 (DE-588)119066998 |0 (DE-627)079857795 |0 (DE-576)162379315 |2 gnd |a Niebuhr, Helmut Richard |d 1894-1962 |
| 689 | 1 | 1 | |d s |0 (DE-588)4059758-1 |0 (DE-627)104131446 |0 (DE-576)209132159 |2 gnd |a Theologie |
| 689 | 1 | |5 (DE-627) | |
| 830 | 0 | |a Studies in religion |v 52 |9 52 |w (DE-627)585644683 |w (DE-576)004055225 |w (DE-600)2467326-2 |x 0084-6287 |7 am | |
| 889 | |w (DE-627)018357962 | ||
| 935 | |a mteo | ||
| 935 | |i mdedup | ||
| 951 | |a BO | ||
| ELC | |b 1 | ||
| ITA | |a 1 |t 1 | ||
| LOK | |0 000 xxxxxcx a22 zn 4500 | ||
| LOK | |0 001 3323434153 | ||
| LOK | |0 003 DE-627 | ||
| LOK | |0 004 1647541751 | ||
| LOK | |0 005 19980905000000 | ||
| LOK | |0 008 890704||||||||||||||||ger||||||| | ||
| LOK | |0 040 |a DE-21 |c DE-627 |d DE-21 | ||
| LOK | |0 852 |a DE-21 | ||
| LOK | |0 852 1 |c 29 A 5894 |9 00 | ||
| LOK | |0 935 |a theo | ||
| LOK | |0 936ln |a t3.4 | ||
| LOK | |0 936ln |a t15 | ||
| LOK | |0 939 |a 04-07-89 |b l01 | ||
| ORI | |a SA-MARC-ixtheoa001.raw | ||
| REL | |a 1 | ||
| STA | 0 | 0 | |a Religious language,Theology,Theology |
| STB | 0 | 0 | |a Langage religieux,Théologie,Théologie |
| STC | 0 | 0 | |a Lenguaje religiosa,Teología,Teología |
| STD | 0 | 0 | |a Linguaggio religioso,Teologia,Teologia |
| STE | 0 | 0 | |a 宗教语言,宗教用语,神学家 |
| STF | 0 | 0 | |a 宗教語言,宗教用語,神學家 |
| STG | 0 | 0 | |a Linguagem religiosa,Teologia,Teologia |
| STH | 0 | 0 | |a Богословие (мотив),Богословие,Религиозный язык |
| STI | 0 | 0 | |a Θεολογία (μοτίβο),Θεολογία,Θρησκευτική γλώσσα |
| SUB | |a REL | ||
| SYG | 0 | 0 | |a Niebuhr, Richard,1894-1962,Niebuhr, H. Richard,1894-1962,Niebuhr, Helmut R.,1894-1962 , Niebuhr, Richard,1894-1962,Niebuhr, H. Richard,1894-1962,Niebuhr, Helmut R.,1894-1962 , Christliche Theologie |



